[Event "Santa Cruz op 5th"]
[Site "Santa Cruz"]
[Date "2023.02.18"]
[Round "5"]
[White "Morales Ortiz, Jaime Ivan"]
[Black "Alvarez Orellana, Isai Jeremi"]
[Result "0-1"]
[WhiteElo "1240"]
[BlackElo "1422"]
[PlyCount "140"]
[EventDate "2023.02.16"]
[EventType "swiss"]
[EventRounds "7"]
[EventCountry "BOL"]
[SourceTitle "CBM 212 Extra"]
[Source "ChessBase"]
[SourceDate "2023.03.31"]
[SourceVersion "1"]
[SourceVersionDate "2023.03.31"]
[SourceQuality "1"]

1. d4 Nf6 2. Nc3 g6 3. e4 d6 4. Be3 Nbd7 5. Qd2 e5 6. d5 Bg7 7. h3 Nb6 8. Be2 Qe7 9. g4 0-0 10. Bh6 Rd8 11. Bxg7 Kxg7 12. g5 Nfd7 13. h4 a5 14. h5 Nc5 15. 0-0-0 Bd7 16. f4 exf4 17. Qxf4 Qe5 18. Qxe5+ dxe5 19. Nf3 Re8 20. hxg6 hxg6 21. Rdf1 Bg4 22. Rh2 Bxf3 23. Rxf3 Nba4 24. Nxa4 Nxa4 25. Bb5 Nc5 26. Bxe8 Rxe8 27. Rh4 Rd8 28. Rfh3 Rd7 29. Rc3 b6 30. a3 a4 31. b3 axb3 32. cxb3 Nb7 33. Rch3 Kf8 34. Rh8+ Ke7 35. R8h4 Nd6 36. Re3 Nb5 37. a4 Nd4 38. Kb2 Rd6 39. Re1 Nf3 40. Rc1 Rd7 41. Rhh1 Nxg5 42. Rhd1 Nxe4 43. Rc4 f5 44. Rh1 Kf6 45. Rc6+ Kg7 46. b4 Nf2 47. Rg1 Nd3+ 48. Ka3 Nf4 49. Rgc1 Nxd5 50. a5 bxa5 51. bxa5 Rd8 52. Rd1 e4 53. Rxc7+ Kf6 54. Rc5 e3 55. a6 e2 56. Re1 Nf4 57. a7 g5 58. Ka4 g4 59. Ka5 g3 60. Rc4 Kg5 61. Ka6 g2 62. Kb7 Nh3 63. Rc3 g1Q 64. Rxg1+ Nxg1 65. Rg3+ Kf4 66. Rxg1 Kf3 67. Kc7 Ra8 68. Kb7 Rxa7+ 69. Kxa7 Kf2 70. Ra1 e1Q 0-1

[Event "Santa Cruz op 5th"]
[Site "Santa Cruz"]
[Date "2023.02.17"]
[Round "3"]
[White "Morales Ortiz, Jaime Ivan"]
[Black "Amelunge Moreno, Oscar Alejandro"]
[Result "0-1"]
[WhiteElo "1240"]
[BlackElo "1103"]
[PlyCount "90"]
[EventDate "2023.02.16"]
[EventType "swiss"]
[EventRounds "7"]
[EventCountry "BOL"]
[SourceTitle "CBM 212 Extra"]
[Source "ChessBase"]
[SourceDate "2023.03.31"]
[SourceVersion "1"]
[SourceVersionDate "2023.03.31"]
[SourceQuality "1"]

1. d4 d5 2. c4 dxc4 3. e4 Nf6 4. Nc3 Nc6 5. Nf3 Bg4 6. Be3 e6 7. Bxc4 Bb4 8. h3 Bh5 9. 0-0 Bxc3 10. bxc3 Nxe4 11. Rc1 Nf6 12. Be2 0-0 13. Qb3 Rb8 14. Rfe1 Nd5 15. Bd2 Re8 16. Qc2 Bg6 17. Bd3 Bxd3 18. Qxd3 Qf6 19. Ng5 Qg6 20. Qxg6 hxg6 21. Rb1 e5 22. c4 Nb6 23. c5 Nd5 24. dxe5 Rxe5 25. Nf3 Rxe1+ 26. Rxe1 Re8 27. Rb1 b6 28. cxb6 axb6 29. Rc1 Ncb4 30. Bxb4 Nxb4 31. a3 Nd5 32. Nd4 Ra8 33. Ra1 c5 34. Nb5 Ra5 35. Nd6 Nb4 36. Nc4 Ra6 37. Rd1 Nc2 38. Rd8+ Kh7 39. Ne5 Ra7 40. Rd2 f6 41. Nf7 g5 42. g4 Nxa3 43. f4 gxf4 44. h4 g6 45. Nd6 c4 0-1

[Event "La Paz op"]
[Site "La Paz"]
[Date "2022.09.17"]
[Round "5"]
[White "Ameller Flores, Catalina"]
[Black "Morales Ortiz, Jaime Ivan"]
[Result "1/2-1/2"]
[WhiteElo "1142"]
[BlackElo "1267"]
[PlyCount "86"]
[EventDate "2022.09.15"]
[EventType "swiss"]
[EventRounds "7"]
[EventCountry "BOL"]
[SourceTitle "EXT 2023"]
[Source "ChessBase"]
[SourceDate "2022.10.05"]
[SourceVersion "1"]
[SourceVersionDate "2022.10.05"]
[SourceQuality "1"]

1. e4 Nc6 2. d4 d5 3. e5 e6 4. Nf3 f6 5. Bf4 Nge7 6. c3 Ng6 7. Bg3 Bd7 8. Nbd2 Be7 9. Bb5 f5 10. h3 h6 11. Bxc6 Bxc6 12. Qc2 a6 13. 0-0 Bd7 14. a3 c5 15. Rac1 cxd4 16. cxd4 Rc8 17. Qd1 Rxc1 18. Qxc1 0-0 19. Qc2 Qb8 20. Rc1 Rc8 21. Qd1 Rxc1 22. Qxc1 Qc8 23. Qxc8+ Bxc8 24. Ne1 b5 25. Nd3 Nf8 26. f4 Nd7 27. Bf2 Nb6 28. Kf1 g5 29. g3 Nc4 30. Ke2 a5 31. Kd1 Kf8 32. Kc2 Ke8 33. Nxc4 bxc4 34. Nc5 Bxc5 35. dxc5 Kd7 36. Kc3 Kc6 37. a4 gxf4 38. gxf4 Ba6 39. Bd4 Bc8 40. b3 Ba6 41. b4 axb4+ 42. Kxb4 Bb7 43. h4 h5 1/2-1/2

[Event "La Paz op"]
[Site "La Paz"]
[Date "2022.09.16"]
[Round "3"]
[White "El Hage Serrano, Caely Dilsa"]
[Black "Morales Ortiz, Jaime Ivan"]
[Result "1-0"]
[WhiteElo "1552"]
[BlackElo "1267"]
[PlyCount "87"]
[EventDate "2022.09.15"]
[EventType "swiss"]
[EventRounds "7"]
[EventCountry "BOL"]
[SourceTitle "EXT 2023"]
[Source "ChessBase"]
[SourceDate "2022.10.05"]
[SourceVersion "1"]
[SourceVersionDate "2022.10.05"]
[SourceQuality "1"]

1. e4 e5 2. Nf3 Nf6 3. c3 b6 4. d3 Be7 5. Be2 d6 6. Be3 Bg4 7. Nbd2 Nc6 8. h3 Bxf3 9. Nxf3 d5 10. Qa4 Qd7 11. 0-0 a6 12. Rac1 b5 13. Qc2 0-0 14. a3 Bd6 15. b4 Ne7 16. Nd2 Ne8 17. Nb3 f5 18. Nc5 Qc8 19. exd5 Nxd5 20. Qb3 c6 21. Bf3 Nef6 22. c4 Nxe3 23. fxe3 Kh8 24. cxb5 axb5 25. Ne6 Re8 26. Ng5 Re7 27. Nf7+ Rxf7 28. Qxf7 e4 29. dxe4 Qg8 30. Qxg8+ Rxg8 31. exf5 Be5 32. Rxc6 Bb2 33. Ra6 Nd7 34. Ra8 Rxa8 35. Bxa8 h6 36. Bc6 Nf6 37. Bxb5 Bxa3 38. Rb1 Nd5 39. Bc4 Nxb4 40. Rb3 Bc1 41. Rxb4 Bxe3+ 42. Kf1 Bd2 43. Rb8+ Kh7 44. Bg8+ 1-0

[Event "La Paz op"]
[Site "La Paz"]
[Date "2022.09.15"]
[Round "2"]
[White "Morales Ortiz, Jaime Ivan"]
[Black "Calisaya Apaza, Beymar"]
[Result "1/2-1/2"]
[WhiteElo "1267"]
[BlackElo "1102"]
[PlyCount "23"]
[EventDate "2022.09.15"]
[EventType "swiss"]
[EventRounds "7"]
[EventCountry "BOL"]
[SourceTitle "EXT 2023"]
[Source "ChessBase"]
[SourceDate "2022.10.05"]
[SourceVersion "1"]
[SourceVersionDate "2022.10.05"]
[SourceQuality "1"]

1. d4 Nf6 2. Nc3 g6 3. e4 d6 4. Be3 Bg7 5. Qd2 0-0 6. h3 e5 7. d5 Nbd7 8. Be2 Ne8 9. Bh6 Nc5 10. Bxg7 Kxg7 11. h4 f6 12. f3 1/2-1/2